| 000 | 00649nam a22002057a 4500 | ||
|---|---|---|---|
| 999 |
_c12774 _d12774 |
||
| 003 | AR-CdUCM | ||
| 008 | 190410b ||||| |||| 00| 0 spa d | ||
| 040 |
_aMUNICIPALIDAD PROVINCIAL DEL CUSCO _cBIBLIOTECA MUNICIPAL DEL CUSCO |
||
| 082 |
_a122.8 / _bSP74 |
||
| 100 |
_aSpencer, Herbert _99994 |
||
| 245 | _aOrígen de las profesiones / | ||
| 260 |
_aLima : _bThesis. |
||
| 300 |
_a167-302 páginas ; _c12 cm. |
||
| 440 |
_aColección Filosófica de Bolsillo. _n3 _930825 |
||
| 505 | _aContenido: t.2: Orígen de las Profesiones. | ||
| 650 |
_aProfesiones _930826 |
||
| 650 |
_aHistoria _9136 |
||
| 942 |
_2ddc _cLIBROS |
||
| 945 |
_aachl _d2019-04-10 |
||